000 00418nam a2200181Ia 4500
001 5205
005 20260306145851.0
008 260306t2010||||xx |||||||||||||| ||spa||
041 _aESP
082 _a338.1
_bV49
100 _aDESCO
_eAUT
245 0 _aPerú hoy centralismo y concentración
260 _c2010
300 _a327 páginas :
_c20 cm.
650 _aGEN
654 _aCAN
942 _cLIB
_dJUS
_fJUS
_2ddc
_n
999 _c5205
_d5205